Statistiques concernant Focus sur: Dudley Dursley - Harry Potter

Cliquez ici pour prendre le quiz!

Statistiques générales

  • Ce quiz a été pris 451 fois
    (444 depuis la dernière actualisation)
  • Le résultat moyen est 6 sur 7

Statistiques - réponses

Informations recherchéesRéponses% Correct
Statut du sangMoldu
99%
Première apparitionHarry Potter à l'école des sorciers
98%
MèrePétunia Dursley
97%
Lieu de rencontre avec Harry Potter4 Privet Drive
95%
PèreVernon Dursley
90%
Couleur des cheveuxBlond
86%
Acteur l'interprétant dans les filmsHarry Melling
33%

Distribution des résultats

Percentile par nombre de réponses

% des personnes avec chaque résultat

Votre développement - résultats

Vous n’avez pas pris ce quiz depuis la dernière actualisation